[Event "Schleswig Holstein-ch Seniors op 11th"]
[Site "Buesum"]
[Date "2017.09.13"]
[Round "6"]
[White "Weck, Uwe"]
[Black "Langmann, Claus"]
[Result "0-1"]
[WhiteElo "1591"]
[BlackElo "1834"]
[PlyCount "70"]
[EventDate "2017.09.08"]
[EventType "swiss"]
[EventRounds "9"]
[EventCountry "GER"]
[SourceTitle "EXT 2019"]
[Source "ChessBase"]
[SourceDate "2018.10.10"]
[SourceVersion "1"]
[SourceVersionDate "2018.10.10"]
[SourceQuality "1"]

1. e4 e5 2. Nf3 Nf6 3. Bc4 Nxe4 4. Bxf7+ Kxf7 5. Nxe5+ Kg8 6. 0-0 Qf6 7. Ng4 Qg6 8. d3 d6 9. Ne5 dxe5 10. dxe4 Nc6 11. c3 Be6 12. Qe2 Bc5 13. b4 Bd6 14. Nd2 h6 15. Nc4 Kh7 16. Nxd6 cxd6 17. f4 exf4 18. Bxf4 Ne5 19. Qc2 Rhf8 20. Bxe5 dxe5 21. c4 Rac8 22. c5 Rxf1+ 23. Rxf1 Bd5 24. Re1 Bc6 25. Qe2 a6 26. Qf3 Rd8 27. Qf5 Rd4 28. Qxe5 Rxe4 29. Rxe4 Qxe4 30. Qxe4+ Bxe4 31. a4 Bc6 32. a5 Kg6 33. Kf2 Kf5 34. Ke3 Bxg2 35. Kd4 g5 0-1

[Event "Schleswig Holstein-ch Seniors op 11th"]
[Site "Buesum"]
[Date "2017.09.10"]
[Round "3"]
[White "Langmann, Claus"]
[Black "Van Houten, Henk"]
[Result "0-1"]
[WhiteElo "1834"]
[BlackElo "1645"]
[PlyCount "56"]
[EventDate "2017.09.08"]
[EventType "swiss"]
[EventRounds "9"]
[EventCountry "GER"]
[SourceTitle "EXT 2019"]
[Source "ChessBase"]
[SourceDate "2018.10.10"]
[SourceVersion "1"]
[SourceVersionDate "2018.10.10"]
[SourceQuality "1"]

1. e4 d6 2. d4 g6 3. Nc3 Bg7 4. Be3 a6 5. Be2 b5 6. a3 Bb7 7. Qd2 Nd7 8. f3 e6 9. h4 h5 10. 0-0-0 Nb6 11. Kb1 Nc4 12. Bxc4 bxc4 13. Qe2 d5 14. exd5 Bxd5 15. Nxd5 Qxd5 16. Bc1 Ne7 17. Qe4 f5 18. Qxd5 Nxd5 19. c3 Bf8 20. Ne2 Bd6 21. f4 Kf7 22. Rhe1 Rab8 23. Ka2 Rb5 24. g3 Rhb8 25. Rd2 Nf6 26. Ng1 Ne4 27. Rg2 Bxa3 28. bxa3 Nxc3+ 0-1

[Event "Lueneburg op-A"]
[Site "Lueneburg"]
[Date "2016.07.01"]
[Round "1"]
[White "Langmann, Claus"]
[Black "Voege, Tobias"]
[Result "0-1"]
[WhiteElo "1851"]
[BlackElo "2342"]
[PlyCount "46"]
[EventDate "2016.07.01"]
[EventType "swiss"]
[EventRounds "9"]
[EventCountry "GER"]
[SourceTitle "CBM 173 Extra"]
[Source "ChessBase"]
[SourceDate "2016.08.29"]
[SourceVersion "1"]
[SourceVersionDate "2016.08.29"]
[SourceQuality "1"]

1. d4 d5 2. Nf3 Nc6 3. b3 Bg4 4. Ne5 Nxe5 5. dxe5 e6 6. Bb2 Bb4+ 7. c3 Be7 8. Nd2 Nh6 9. Nf3 0-0 10. e3 c6 11. Bd3 Qc7 12. Qc2 g6 13. h3 Bxf3 14. gxf3 Qxe5 15. c4 Bb4+ 16. Ke2 Qh5 17. a3 Bd6 18. c5 Bc7 19. Rag1 e5 20. Kf1 Qxf3 21. Bxg6 fxg6 22. Rxg6+ Kh8 23. Rhg1 hxg6 0-1

[Event "Schleswig Holstein-ch Seniors"]
[Site "Hanerau"]
[Date "2015.04.01"]
[Round "6"]
[White "Langmann, Claus"]
[Black "Plewka, Manfred"]
[Result "0-1"]
[WhiteElo "1860"]
[BlackElo "1952"]
[PlyCount "128"]
[EventDate "2015.03.28"]
[EventType "swiss"]
[EventRounds "9"]
[EventCountry "GER"]
[SourceTitle "EXT 2018"]
[Source "ChessBase"]
[SourceDate "2017.10.13"]
[SourceVersion "1"]
[SourceVersionDate "2017.10.13"]
[SourceQuality "1"]

1. d4 g6 2. Nf3 Bg7 3. c4 Nf6 4. Nc3 d5 5. e3 c6 6. cxd5 cxd5 7. Bb5+ Bd7 8. Bxd7+ Nbxd7 9. 0-0 0-0 10. Qd3 a6 11. b3 Rc8 12. Ba3 Qa5 13. Bb2 b5 14. e4 dxe4 15. Nxe4 Nd5 16. a3 Qb6 17. Rac1 Nf4 18. Qe3 Bh6 19. Kh1 Qe6 20. g3 Nd5 21. Qxh6 Qxe4 22. Kg2 f6 23. Rfe1 Qf5 24. Qd2 N7b6 25. Rc5 g5 26. Qe2 Nd7 27. Rxc8 Rxc8 28. Rc1 Rxc1 29. Bxc1 Kf7 30. h3 Nf8 31. a4 Ne6 32. Kh2 Nec7 33. axb5 Nxb5 34. Kg2 h5 35. Be3 g4 36. hxg4 hxg4 37. Nd2 Qe6 38. Qd3 Nbc3 39. Qh7+ Ke8 40. Qg6+ Kd7 41. Qd3 f5 42. Nc4 Ne4 43. Ne5+ Ke8 44. Qc4 Nxe3+ 45. fxe3 Qxc4 46. Nxc4 Kd7 47. Na3 Kc6 48. Nc2 Kb5 49. d5 Kc5 50. Nd4 Nd6 51. Kf2 Kxd5 52. Nc2 Ne4+ 53. Kg2 e5 54. Nb4+ Kc5 55. Nxa6+ Kb5 56. Nb8 Nf6 57. Kf2 Kb6 58. e4 fxe4 59. Ke3 Kb7 60. Nd7 Nxd7 61. Kxe4 Kc6 62. Kf5 Kd5 63. Kxg4 e4 64. b4 Kd4 0-1

[Event "Schleswig Holstein-ch Seniors"]
[Site "Hanerau"]
[Date "2015.04.01"]
[Round "7"]
[White "Schwerdtfeger, Wolfgang"]
[Black "Langmann, Claus"]
[Result "1-0"]
[WhiteElo "1822"]
[BlackElo "1860"]
[PlyCount "79"]
[EventDate "2015.03.28"]
[EventType "swiss"]
[EventRounds "9"]
[EventCountry "GER"]
[SourceTitle "EXT 2018"]
[Source "ChessBase"]
[SourceDate "2017.10.13"]
[SourceVersion "1"]
[SourceVersionDate "2017.10.13"]
[SourceQuality "1"]

1. c4 Nf6 2. Nc3 d5 3. cxd5 Nxd5 4. g3 c6 5. Bg2 Nxc3 6. bxc3 g6 7. Nf3 Bg7 8. 0-0 0-0 9. Rb1 Qc7 10. Qb3 Nd7 11. Ba3 Nb6 12. d3 Be6 13. c4 Rfe8 14. Ng5 Bg4 15. c5 Nd5 16. e4 Nc3 17. Qxf7+ Kh8 18. Qb3 e6 19. Qxb7 Qxb7 20. Rxb7 Be2 21. Re1 Bxd3 22. Nf7+ Kg8 23. Nd6 Red8 24. Rxg7+ Kxg7 25. Bb2 Kf8 26. Bxc3 a5 27. Bh3 Ke7 28. Bd2 Rdb8 29. Bc3 a4 30. Bf1 Bxf1 31. Kxf1 a3 32. Nc4 Rd8 33. Nb6 Ra6 34. Ke2 Kf7 35. Rb1 Rb8 36. Rb3 Ke8 37. Be5 Rb7 38. Rf3 Rf7 39. Rd3 Ra5 40. Nc4 1-0

[Event "Schleswig Holstein-ch Seniors"]
[Site "Hanerau"]
[Date "2015.03.29"]
[Round "2"]
[White "Jessen, Hilke"]
[Black "Langmann, Claus"]
[Result "1-0"]
[WhiteElo "1946"]
[BlackElo "1860"]
[PlyCount "69"]
[EventDate "2015.03.28"]
[EventType "swiss"]
[EventRounds "9"]
[EventCountry "GER"]
[SourceTitle "EXT 2018"]
[Source "ChessBase"]
[SourceDate "2017.10.13"]
[SourceVersion "1"]
[SourceVersionDate "2017.10.13"]
[SourceQuality "1"]

1. e4 e5 2. Bc4 Nf6 3. Nc3 Bc5 4. Nf3 d6 5. h3 Nc6 6. d3 h6 7. 0-0 0-0 8. Na4 Bb6 9. Nxb6 axb6 10. a3 Qe7 11. Nh2 Be6 12. Bxe6 Qxe6 13. f4 d5 14. fxe5 Nxe5 15. d4 Ng6 16. e5 Ne4 17. Ng4 Nh8 18. Be3 h5 19. Nh2 Ng6 20. Nf3 f6 21. exf6 Nxf6 22. Re1 Ne4 23. Qd3 Nf4 24. Bxf4 Rxf4 25. Re2 Qf7 26. Ne5 Qf6 27. Rae1 Rf8 28. Re3 Qg5 29. c4 Nf2 30. Qg6 Qh4 31. Qe6+ Kh7 32. Ng6 Nxh3+ 33. Rxh3 Qf2+ 34. Kh2 R8f6 35. Rxh5+ 1-0

[Event "SH-ch Seniors op"]
[Site "Eckernfoerde"]
[Date "2012.10.04"]
[Round "6.20"]
[White "Langmann, Claus"]
[Black "Biermann Ratjen, Matthias"]
[Result "1/2-1/2"]
[WhiteElo "1867"]
[BlackElo "1959"]
[PlyCount "39"]
[EventDate "2012.09.29"]
[EventType "swiss"]
[EventRounds "7"]
[EventCountry "GER"]
[SourceTitle "EXT 2022"]
[Source "ChessBase"]
[SourceDate "2021.10.06"]
[SourceVersion "1"]
[SourceVersionDate "2021.10.06"]
[SourceQuality "1"]

1. d4 Nf6 2. Nf3 e6 3. e3 b6 4. Bd3 Bb7 5. Nbd2 d5 6. Ne5 Be7 7. 0-0 0-0 8. b3 Ne4 9. Nxe4 dxe4 10. Bc4 Nd7 11. Nxd7 Qxd7 12. Qe2 a6 13. a4 c6 14. Qh5 g6 15. Qh6 b5 16. Be2 Rfd8 17. Bb2 Bf8 18. Qh4 f5 19. Rfd1 Qe7 20. Qxe7 1/2-1/2

[Event "SH-ch Seniors op"]
[Site "Eckernfoerde"]
[Date "2012.10.02"]
[Round "4.25"]
[White "Langmann, Claus"]
[Black "Stratmann, Dietrich"]
[Result "1/2-1/2"]
[WhiteElo "1867"]
[BlackElo "1710"]
[PlyCount "47"]
[EventDate "2012.09.29"]
[EventType "swiss"]
[EventRounds "7"]
[EventCountry "GER"]
[SourceTitle "EXT 2022"]
[Source "ChessBase"]
[SourceDate "2021.10.06"]
[SourceVersion "1"]
[SourceVersionDate "2021.10.06"]
[SourceQuality "1"]

1. d4 Nf6 2. Nf3 g6 3. c4 Bg7 4. Nc3 d5 5. Bg5 Ne4 6. cxd5 Nxg5 7. Nxg5 h6 8. Nf3 c5 9. e3 Qa5 10. Bb5+ Bd7 11. Qe2 cxd4 12. exd4 Bxb5 13. Qxb5+ Qxb5 14. Nxb5 Na6 15. 0-0 0-0 16. Rfe1 Bf6 17. a3 Rfd8 18. d6 exd6 19. Rac1 Rd7 20. g3 Kf8 21. b3 Bd8 22. Rc4 Nc7 23. Nxc7 Rxc7 24. Rxc7 1/2-1/2

[Event "SH-ch Seniors op"]
[Site "Eckernfoerde"]
[Date "2012.10.01"]
[Round "3.15"]
[White "Rickers, Gerd"]
[Black "Langmann, Claus"]
[Result "1-0"]
[WhiteElo "2076"]
[BlackElo "1867"]
[PlyCount "113"]
[EventDate "2012.09.29"]
[EventType "swiss"]
[EventRounds "7"]
[EventCountry "GER"]
[SourceTitle "EXT 2022"]
[Source "ChessBase"]
[SourceDate "2021.10.06"]
[SourceVersion "1"]
[SourceVersionDate "2021.10.06"]
[SourceQuality "1"]

1. d4 Nf6 2. c4 e6 3. Nf3 Bb4+ 4. Bd2 Qe7 5. a3 Bxd2+ 6. Qxd2 Ne4 7. Qc2 d5 8. Nc3 Nxc3 9. Qxc3 c6 10. e3 Nd7 11. Bd3 Nf6 12. 0-0 Bd7 13. Rac1 0-0 14. Ne5 Rac8 15. c5 Ne8 16. f4 f5 17. Qa5 Ra8 18. Rf3 Qd8 19. Qe1 Nf6 20. h3 Ne4 21. g4 Be8 22. Rc2 Qe7 23. Rg2 Kh8 24. Bxe4 dxe4 25. Rfg3 g6 26. b4 a6 27. Qc3 Kg8 28. Qc4 Kh8 29. Qc3 Kg8 30. Qe1 Qf6 31. gxf5 exf5 32. Rg5 Rc8 33. h4 Rc7 34. h5 Rg7 35. hxg6 hxg6 36. Qg3 a5 37. Nxg6 Bxg6 38. Rxg6 Rxg6 39. Qxg6+ Qxg6 40. Rxg6+ Kf7 41. Rd6 axb4 42. axb4 Ke7 43. b5 cxb5 44. Rb6 Kd7 45. Rxb7+ Kc6 46. Rb6+ Kd5 47. Rxb5 Kc4 48. Rb2 Kd3 49. Kf2 Rh8 50. Rb3+ Kc4 51. Ra3 Kb4 52. Ra1 Kc4 53. c6 Rc8 54. c7 Kd3 55. Rc1 Kd2 56. Rc5 Kd3 57. d5 1-0

[Event "SH-ch Seniors op"]
[Site "Eckernfoerde"]
[Date "2012.09.30"]
[Round "2.29"]
[White "Langmann, Claus"]
[Black "Vierling, Paul"]
[Result "1-0"]
[WhiteElo "1867"]
[BlackElo "1610"]
[PlyCount "69"]
[EventDate "2012.09.29"]
[EventType "swiss"]
[EventRounds "7"]
[EventCountry "GER"]
[SourceTitle "EXT 2022"]
[Source "ChessBase"]
[SourceDate "2021.10.06"]
[SourceVersion "1"]
[SourceVersionDate "2021.10.06"]
[SourceQuality "1"]

1. e4 e5 2. Nf3 Nc6 3. Bc4 d6 4. d4 Nxd4 5. Nxd4 exd4 6. Qxd4 Be6 7. Nc3 Bxc4 8. Qxc4 c6 9. 0-0 Qd7 10. Bf4 Be7 11. Rad1 Nf6 12. Bxd6 Bxd6 13. e5 b5 14. Qh4 Nd5 15. Nxd5 cxd5 16. exd6 0-0 17. Rxd5 Rac8 18. c3 Rfe8 19. Rfd1 Rc6 20. h3 Re6 21. Rxb5 h6 22. Rb8+ Rc8 23. Rxc8+ Qxc8 24. d7 Qf8 25. d8Q g5 26. Qxf8+ Kxf8 27. Qb4+ Kg7 28. g4 Kg6 29. f4 f5 30. gxf5+ Kxf5 31. Qf8+ Rf6 32. Rd5+ Kg6 33. f5+ Kh5 34. Qe8+ Kh4 35. Qe4+ 1-0

[Event "Kiel op 25th"]
[Site "Kiel"]
[Date "2012.07.30"]
[Round "5"]
[White "Helmich, Joerg"]
[Black "Langmann, Claus"]
[Result "1/2-1/2"]
[WhiteElo "1803"]
[BlackElo "1906"]
[PlyCount "80"]
[EventDate "2012.07.28"]
[EventType "swiss"]
[EventRounds "9"]
[EventCountry "GER"]
[SourceTitle "EXT 2015"]
[Source "ChessBase"]
[SourceDate "2014.11.20"]
[SourceVersion "1"]
[SourceVersionDate "2014.11.20"]
[SourceQuality "1"]

1. e4 e5 2. f4 Bc5 3. Nf3 d6 4. Bc4 Nf6 5. d3 0-0 6. Nc3 Nc6 7. Na4 Bb4+ 8. c3 Ba5 9. b4 Bb6 10. Nxb6 axb6 11. 0-0 exf4 12. Bxf4 Qe7 13. Bg5 Be6 14. Bxf6 Qxf6 15. Nd4 Qe7 16. Nf5 Bxf5 17. Rxf5 Ne5 18. Bb3 Qh4 19. Qe2 Qg4 20. Qe3 Rae8 21. Raf1 Re7 22. d4 Ng6 23. Qf2 Nh8 24. e5 dxe5 25. dxe5 Qg6 26. e6 f6 27. Rd1 Rfe8 28. Rd7 Kf8 29. Rf3 Qg5 30. Qd4 Ng6 31. Rf1 Ne5 32. Rxe7 Kxe7 33. Qe4 c6 34. b5 Rd8 35. bxc6 bxc6 36. Qb4+ Ke8 37. Qxb6 Rd2 38. Qb8+ Rd8 39. Qa7 Rd2 40. Qb8+ Rd8 1/2-1/2

[Event "Kiel op 25th"]
[Site "Kiel"]
[Date "2012.07.28"]
[Round "2"]
[White "Homuth, Manfred"]
[Black "Langmann, Claus"]
[Result "1-0"]
[WhiteElo "2173"]
[BlackElo "1906"]
[PlyCount "33"]
[EventDate "2012.07.28"]
[EventType "swiss"]
[EventRounds "9"]
[EventCountry "GER"]
[SourceTitle "EXT 2015"]
[Source "ChessBase"]
[SourceDate "2014.11.20"]
[SourceVersion "1"]
[SourceVersionDate "2014.11.20"]
[SourceQuality "1"]

1. e4 e5 2. Nf3 Nc6 3. Bb5 a6 4. Ba4 Nf6 5. d3 Be7 6. Bxc6 dxc6 7. Nxe5 0-0 8. Nd2 Re8 9. 0-0 Bd6 10. Nef3 Bg4 11. h3 Bh5 12. Nc4 Nd7 13. Re1 Ne5 14. Ncxe5 Bxe5 15. g4 Qd7 16. Nxe5 Rxe5 17. f4 1-0

[Event "Kiel op 25th"]
[Site "Kiel"]
[Date "2012.07.28"]
[Round "1"]
[White "Langmann, Claus"]
[Black "Haffner, Alexander"]
[Result "1/2-1/2"]
[WhiteElo "1906"]
[BlackElo "2140"]
[PlyCount "62"]
[EventDate "2012.07.28"]
[EventType "swiss"]
[EventRounds "9"]
[EventCountry "GER"]
[SourceTitle "EXT 2015"]
[Source "ChessBase"]
[SourceDate "2014.11.20"]
[SourceVersion "1"]
[SourceVersionDate "2014.11.20"]
[SourceQuality "1"]

1. d4 Nf6 2. Nf3 g6 3. c4 Bg7 4. Nc3 0-0 5. Bg5 c6 6. e3 d6 7. Qc2 a6 8. a4 a5 9. Rd1 Na6 10. Qb1 Nb4 11. Bd3 Bg4 12. 0-0 Bxf3 13. gxf3 Qc8 14. Ne4 Nxe4 15. Bxe4 f6 16. Bh4 Qh3 17. Bg3 f5 18. Bd3 e5 19. f4 exd4 20. exd4 h5 21. Rfe1 Nxd3 22. Rxd3 h4 23. Re6 Rf6 24. Qe1 Rxe6 25. Qxe6+ Kh7 26. Qe7 hxg3 27. Rxg3 Qh6 28. Kg2 Qxf4 29. Qf7 Qe4+ 30. Kg1 Qe1+ 31. Kg2 Qe4+ 1/2-1/2

[Event "Schneeberger op 11th"]
[Site "Schneeberg"]
[Date "2011.04.04"]
[Round "1"]
[White "Melamed, Tatiana"]
[Black "Langmann, Claus"]
[Result "1-0"]
[WhiteElo "2353"]
[BlackElo "1936"]
[PlyCount "57"]
[EventDate "2011.04.04"]
[EventType "swiss"]
[EventRounds "7"]
[EventCountry "GER"]
[SourceTitle "EXT 2019"]
[Source "ChessBase"]
[SourceDate "2018.10.10"]
[SourceVersion "1"]
[SourceVersionDate "2018.10.10"]
[SourceQuality "1"]

1. e4 e5 2. Nf3 Nc6 3. Bb5 a6 4. Ba4 Nf6 5. 0-0 Nxe4 6. d4 b5 7. Bb3 d5 8. dxe5 Be6 9. Nbd2 Nc5 10. c3 Nxb3 11. Nxb3 Be7 12. Nfd4 Nxd4 13. cxd4 c5 14. dxc5 Qc7 15. Bf4 Rc8 16. Rc1 0-0 17. Qd2 Rfd8 18. Nd4 b4 19. Bg5 Bxg5 20. Qxg5 Qa7 21. Nc6 Qd7 22. Nxd8 Rxd8 23. c6 Qc7 24. f4 h6 25. Qh4 d4 26. f5 Bd5 27. f6 Qxe5 28. c7 Rc8 29. Qg4 1-0

[Event "Schleswig-Holstein-ch Seniors"]
[Site "Buesum"]
[Date "2010.04.02"]
[Round "9"]
[White "Lund, Hans Hermann"]
[Black "Langmann, Claus"]
[Result "1/2-1/2"]
[WhiteElo "1849"]
[BlackElo "1953"]
[PlyCount "52"]
[EventDate "2010.03.27"]
[EventType "swiss"]
[EventRounds "9"]
[EventCountry "GER"]
[SourceTitle "EXT 2023"]
[Source "ChessBase"]
[SourceDate "2022.10.05"]
[SourceVersion "1"]
[SourceVersionDate "2022.10.05"]
[SourceQuality "1"]

1. e4 c5 2. Nf3 Nc6 3. d4 cxd4 4. Nxd4 Nf6 5. Nc3 a6 6. b3 Qa5 7. Qd2 Nxd4 8. Qxd4 e5 9. Qe3 Nxe4 10. Bd2 Nxd2 11. Kxd2 Bb4 12. a3 Bxc3+ 13. Qxc3 Qxc3+ 14. Kxc3 d5 15. Re1 f6 16. f4 e4 17. Kd4 Be6 18. c4 0-0-0 19. c5 g5 20. Be2 g4 21. Rc1 Bd7 22. Rc3 f5 23. h4 h5 24. g3 Rhe8 25. Re3 Kc7 26. Rc1 Ra8 1/2-1/2

[Event "Schleswig-Holstein-ch Seniors"]
[Site "Buesum"]
[Date "2010.03.31"]
[Round "6"]
[White "Gehrmann, Rudolf Rainer"]
[Black "Langmann, Claus"]
[Result "1/2-1/2"]
[WhiteElo "2105"]
[BlackElo "1953"]
[PlyCount "130"]
[EventDate "2010.03.27"]
[EventType "swiss"]
[EventRounds "9"]
[EventCountry "GER"]
[SourceTitle "EXT 2023"]
[Source "ChessBase"]
[SourceDate "2022.10.05"]
[SourceVersion "1"]
[SourceVersionDate "2022.10.05"]
[SourceQuality "1"]

1. c4 Nf6 2. Nc3 c5 3. g3 Nc6 4. Bg2 b6 5. e3 Bb7 6. Nge2 e6 7. b3 Be7 8. 0-0 Rb8 9. d4 cxd4 10. Nxd4 Nxd4 11. Qxd4 Bxg2 12. Kxg2 0-0 13. e4 Bc5 14. Qd3 d6 15. a3 e5 16. Ra2 Re8 17. f3 Qd7 18. Bg5 Re6 19. b4 Bd4 20. Ne2 b5 21. Nxd4 bxc4 22. Qxc4 exd4 23. Qxd4 Rb5 24. h4 h6 25. Bxf6 Rxf6 26. Rd2 Re6 27. Re1 Rb6 28. Rc1 Qa4 29. Qc3 Ra6 30. Qc8+ Re8 31. Qc3 Qxa3 32. Qxa3 Rxa3 33. Rxd6 Ra2+ 34. Kh3 Rb2 35. Rc4 Rb8 36. Rd7 R2xb4 37. Rcc7 Rf8 38. Rxa7 h5 39. e5 Rb6 40. Re7 Rc6 41. g4 Rc3 42. Kg2 hxg4 43. fxg4 Re3 44. h5 Re4 45. Kf3 Re1 46. Kf4 Rf1+ 47. Kg5 Re1 48. Ra4 f6+ 49. Kg6 Rxe5 50. Rxg7+ Kh8 51. Rf7 Rfe8 52. Raa7 Rg5+ 53. Kh6 Rxg4 54. Rxf6 Rge4 55. Rh7+ Kg8 56. Rg6+ Kf8 57. Rh8+ Kf7 58. Rxe8 Rxe8 59. Kh7 Re5 60. h6 Re1 61. Rg2 Re3 62. Ra2 Rf3 63. Ra7+ Kf8 64. Kg6 Rg3+ 65. Kh5 Kg8 1/2-1/2

[Event "Schleswig Holstein-ch Seniors 64th"]
[Site "Altenholz"]
[Date "2009.04.08"]
[Round "7"]
[White "Schmidt, Niels Peter"]
[Black "Langmann, Claus"]
[Result "1/2-1/2"]
[WhiteElo "1995"]
[BlackElo "1938"]
[PlyCount "65"]
[EventDate "2009.04.04"]
[EventType "swiss"]
[EventRounds "9"]
[EventCountry "GER"]
[SourceTitle "CBM 129 Extra"]
[Source "ChessBase"]
[SourceDate "2009.05.05"]
[SourceVersion "2"]
[SourceVersionDate "2009.05.20"]
[SourceQuality "1"]

1. Nf3 d5 2. d4 Nf6 3. c4 c6 4. Nc3 e6 5. Bg5 Be7 6. e3 Nbd7 7. Rc1 h6 8. Bh4 a6 9. a3 0-0 10. cxd5 Nxd5 11. Bxe7 Qxe7 12. e4 Nxc3 13. Rxc3 Nf6 14. Qc2 Rd8 15. Be2 e5 16. dxe5 Ng4 17. Rc5 b6 18. Rxc6 Bb7 19. Rc7 Rac8 20. Rxc8 Rxc8 21. Qd2 Nxe5 22. 0-0 Bxe4 23. Nxe5 Qxe5 24. Bxa6 Rc2 25. Qd8+ Kh7 26. Qxb6 Qg5 27. g3 Qd5 28. Qe3 Rxb2 29. f3 Bg6 30. Rf2 Rb3 31. Rd2 Rxe3 32. Rxd5 Rxa3 33. Be2 1/2-1/2

[Event "EU-chT Seniors 10th"]
[Site "Dresden"]
[Date "2008.02.18"]
[Round "8.4"]
[White "Langmann, Claus"]
[Black "Ofstad, Per"]
[Result "0-1"]
[WhiteElo "1930"]
[BlackElo "2155"]
[PlyCount "80"]
[EventDate "2008.02.11"]
[EventType "team-swiss"]
[EventRounds "9"]
[EventCountry "GER"]
[SourceTitle "CBM 122 Extra"]
[Source "ChessBase"]
[SourceDate "2008.03.04"]
[SourceVersion "1"]
[SourceVersionDate "2008.03.04"]
[SourceQuality "1"]
[WhiteTeam "Hamburger SK"]
[BlackTeam "Norway"]
[WhiteTeamCountry "GER"]
[BlackTeamCountry "NOR"]

1. d4 d5 2. Nf3 Nf6 3. e3 g6 4. Bd3 Bg7 5. Nbd2 Nbd7 6. b3 0-0 7. Bb2 c5 8. 0-0 b6 9. c4 Bb7 10. Rc1 e6 11. Qe2 Ne4 12. Ne5 Nxd2 13. Qxd2 Nxe5 14. dxe5 dxc4 15. bxc4 Qc7 16. f4 Rad8 17. Qc2 Qc6 18. Rf2 Rd7 19. Rd1 Rfd8 20. Rfd2 Bf8 21. Bf1 Be7 22. Rxd7 Rxd7 23. Rxd7 Qxd7 24. Be2 Bc6 25. Qd1 a6 26. Qxd7 Bxd7 27. Bf3 b5 28. Bb7 a5 29. cxb5 Bxb5 30. Kf2 Kf8 31. Ke1 Ke8 32. Be4 Kd7 33. Kd2 Bc6 34. Kd3 Bd5 35. Bxd5 exd5 36. a4 c4+ 37. Kc2 Bc5 38. Bd4 Bxd4 39. exd4 h5 40. h3 h4 0-1

[Event "EU-chT Seniors 10th"]
[Site "Dresden"]
[Date "2008.02.14"]
[Round "4.4"]
[White "Langmann, Claus"]
[Black "Ovesen, Karsten"]
[Result "1/2-1/2"]
[WhiteElo "1930"]
[BlackElo "1937"]
[PlyCount "34"]
[EventDate "2008.02.11"]
[EventType "team-swiss"]
[EventRounds "9"]
[EventCountry "GER"]
[SourceTitle "CBM 122 Extra"]
[Source "ChessBase"]
[SourceDate "2008.03.04"]
[SourceVersion "1"]
[SourceVersionDate "2008.03.04"]
[SourceQuality "1"]
[WhiteTeam "Hamburger SK"]
[BlackTeam "Mecklenburg Vorpommern"]
[WhiteTeamCountry "GER"]
[BlackTeamCountry "GER"]

1. d4 d5 2. Nf3 Nf6 3. e3 a6 4. h4 Bf5 5. Bd3 Bxd3 6. Qxd3 e6 7. Nbd2 Bd6 8. e4 dxe4 9. Nxe4 Nxe4 10. Qxe4 c6 11. 0-0 Nd7 12. c4 Nf6 13. Qc2 h6 14. Bd2 0-0 15. Bc3 Rc8 16. Rad1 Qc7 17. b3 Bg3 1/2-1/2

[Event "Schleswig Holstein-ch Seniors op"]
[Site "Eckernfoerde"]
[Date "2007.09.28"]
[Round "3"]
[White "Weinwurm, Wolfgang"]
[Black "Langmann, Claus"]
[Result "1-0"]
[WhiteElo "2165"]
[BlackElo "1960"]
[PlyCount "61"]
[EventDate "2007.09.26"]
[EventType "swiss"]
[EventRounds "7"]
[EventCountry "GER"]
[SourceTitle "EXT 2008"]
[Source "ChessBase"]
[SourceDate "2007.11.25"]
[SourceVersion "1"]
[SourceVersionDate "2007.11.25"]
[SourceQuality "1"]

1. e4 e5 2. d4 exd4 3. Qxd4 Nc6 4. Qe3 d6 5. Nc3 Nf6 6. Qg3 Bd7 7. Bd2 Qe7 8. 0-0-0 0-0-0 9. Bg5 Be6 10. Bb5 Nb8 11. f4 c6 12. Be2 h6 13. Bh4 g5 14. fxg5 hxg5 15. Bxg5 Bh6 16. Bxh6 Rxh6 17. Qe3 Rg6 18. Bf3 c5 19. h3 Nc6 20. Nge2 Nd7 21. Nf4 Qg5 22. Rxd6 Nd4 23. Ncd5 Re8 24. Nxg6 Qxg6 25. c3 Nb5 26. Rxd7 Bxd7 27. Qxc5+ Kb8 28. a4 Rc8 29. Qe7 Nd4 30. Qe5+ Ka8 31. Qxd4 1-0

[Event "Schleswig Holstein-ch Seniors 62nd"]
[Site "Itzehoe"]
[Date "2007.04.06"]
[Round "9"]
[White "Langmann, Claus"]
[Black "Pastorino, Peter"]
[Result "1-0"]
[WhiteElo "1804"]
[BlackElo "1731"]
[PlyCount "91"]
[EventDate "2007.03.31"]
[EventType "swiss"]
[EventRounds "9"]
[EventCountry "GER"]
[SourceTitle "EXT 2010"]
[Source "ChessBase"]
[SourceDate "2010.11.25"]
[SourceVersion "1"]
[SourceVersionDate "2010.11.25"]
[SourceQuality "1"]

1. d4 d5 2. Nf3 Nf6 3. e3 e6 4. Bd3 c5 5. b3 Nc6 6. Nbd2 cxd4 7. exd4 Bd6 8. Bb2 0-0 9. 0-0 Qc7 10. a3 e5 11. dxe5 Nxe5 12. Nxe5 Bxe5 13. Bxe5 Qxe5 14. Nf3 Qc3 15. Qe1 Qxe1 16. Rfxe1 Be6 17. Nd4 Bd7 18. Re7 Rfe8 19. Rae1 Kf8 20. Rxe8+ Rxe8 21. Rxe8+ Kxe8 22. f3 h6 23. Kf2 g6 24. Ke3 Ke7 25. g4 Kd6 26. b4 Ng8 27. b5 b6 28. h3 Ne7 29. Ne2 Kc5 30. Nd4 Kd6 31. Nb3 f5 32. Kd4 fxg4 33. fxg4 h5 34. Be2 hxg4 35. hxg4 g5 36. Nd2 Ng6 37. a4 Nf4 38. Bf3 Be6 39. c4 dxc4 40. Ne4+ Ke7 41. Nxg5 Bg8 42. Bd1 Ne6+ 43. Nxe6 Bxe6 44. g5 Kf8 45. Be2 Kg7 46. Bxc4 1-0